| 000 | 00000nam##2200000za#4500 |
| 001 | 9.699185 |
| 003 | CaOODSP |
| 005 | 20250506145324 |
| 007 | cr ||||||||||| |
| 008 | 150407|1989||||xxc|||||o f|0| 0 eng|d |
| 040 | |aCaOODSP|beng |
| 043 | |an-cn--- |
| 086 | 1 |aA63-1820/1989E-PDF |
| 110 | 1 |aCanada.|bAgriculture Canada. |
| 245 | 10|aGoats and their management / |h[electronic resource]|cprepared by the Canadian Goat Society for publication by Abriculture Canada; written and illustrated by Sara Emond, goat technician under contract to Alberta Agriculture. |
| 260 | |bAgriculture Canada |c1989. |
| 300 | |a60p.|bfigs., illus., tables |
| 500 | |aHistorical publication digitized by Agriculture and Agri-Food Canada. |
| 590 | |a14-11-Supp|b2014-05-21 |
| 690 | 07|aAnimal husbandry|2gcpds |
| 690 | 07|aLivestock|2gcpds |
| 710 | 2 |aCanadian Goat Society. |
| 775 | 08|tL'élevage des chèvres / |w(CaOODSP)9.643153 |
| 856 | 40|ahttp://publications.gc.ca|qPDF|s4.2 MB|uhttps://publications.gc.ca/collections/collection_2014/aac-aafc/agrhist/A63-1820-1989-eng.pdf |
| 986 | |a1820 |